00648 2200241 4500001002100000005001500021035002000036007000300056008004100059020002200100082001000122084001600132100002000148245007100168250001000239260003600249300003200285650002200317700001800339504002700357990001100384990001100395INLIS00000000000423720191016025208 a0010-1019000089ta191016 g 0 ind  a978-602-1279-26-7 a650.1 a650.1 RIN b0 aRINA, Dewi Lina1 aBeli Mobil dengan Gaji < Rp 5 Juta /cRina Dewi Lina, Erwin Faizal acet.1 aJakarta :bPenebar Plus+,c2015 a114 hlm. :bilus. ;c23 cm. 4aMANAJEMEN. BISNIS0 aERWIN, Faizal aBibliografi : hlm. 114 a7004 a a7004 b